• 首页
  • 本馆介绍
  • 公告通知
  • 最新文献
  • 馆藏检索
  • 电子资源
  • 读者导购
  • 参考咨询
  • 我的图书馆
  • 登录
  • 详细信息显示
  • 放入我的书架
  • 预约/预借图书
  • 作者相关作品
  • 分类相关作品
  • 丛书相关作品
  • 出版社相关作品

书目信息

  • 表格格式
  • 工作单格式
  • 卡片格式
题名:
林语堂批评文集
    
 
作者: 沈永宝 编
分册:  
出版信息: 珠海   珠海出版社  1998.10
页数: 367页
开本: 21cm
丛书名: 世纪的回响
单 册:
中图分类: I026
科图分类:
主题词: 文学理论--基本问题
电子资源:
ISBN: 7-80607-486-4
000 00612nam0 2200217 45
001 0404261092
005 20040426100835.9
010    @a7-80607-486-4@dCNY18.00
100    @a20040426d1998 km y0chiy0120 ea
101 0  @achi
105    @a z 000yy
200 1  @a林语堂批评文集@ALin Yu Tang Pi Ping Wen Ji@f沈永宝编@FShen Yong Bao Bian
210    @a珠海@c珠海出版社@d1998.10
215    @a367页@d21cm
225    @a世纪的回响@h批评卷
410    @12001 @a世纪的回响
606 0  @a文学理论@x基本问题
690    @aI026@v3
701  0 @a沈永宝@4编
801    @aCN@bTSTCL@c20040426
905    @f4@b282158-161@dI026@e204
    
    林语堂批评文集/沈永宝编.-珠海:珠海出版社,1998.10
    367页;21cm.-(世纪的回响.批评卷)
    
    
    ISBN 7-80607-486-4:CNY18.00
    
●
相关链接 在E读中查询图书 在五车中查询图书 在当当中查询图书 在豆瓣中查询图书


正题名:林语堂批评文集     索取号:I026/204         预约/预借

序号 登录号 条形码 馆藏地/架位号 状态 备注
1 0282158   002821584   第二借阅区/ [索取号:I026/204] 在馆    
2 0282159   002821593   第二借阅区/ [索取号:I026/204] 在馆    
3 0282160   002821600   第二借阅区/ [索取号:I026/204] 在馆    
4 0282161   002821619   第二借阅区/ [索取号:I026/204] 在馆    
5 0282162   002821628   第一样本阅览室/ [索取号:I026/204] 在馆    
唐山师范学院图书馆 欢迎您!
大连网信软件有限公司© 版权所有